<?xml version="1.0" encoding="UTF-8"?>
<marc:record xmlns:marc="http://www.loc.gov/MARC21/slim">
   <marc:leader>00000nam a2200000 a 4500</marc:leader>
   <marc:datafield ind1="1" ind2=" " tag="100">
      <marc:subfield code="a">Mair, Stèphanie</marc:subfield>
      <marc:subfield code="4">aut</marc:subfield>
      <marc:subfield code="e">Verfasser/-in</marc:subfield>
   </marc:datafield>
   <marc:datafield ind1=" " ind2=" " tag="653">
      <marc:subfield code="a">Leadership</marc:subfield>
   </marc:datafield>
   <marc:datafield ind1=" " ind2=" " tag="653">
      <marc:subfield code="a">Empowerment</marc:subfield>
   </marc:datafield>
   <marc:datafield ind1=" " ind2=" " tag="653">
      <marc:subfield code="a">physical Education</marc:subfield>
   </marc:datafield>
   <marc:datafield ind1=" " ind2=" " tag="653">
      <marc:subfield code="a">Mental training</marc:subfield>
   </marc:datafield>
   <marc:datafield ind1=" " ind2=" " tag="653">
      <marc:subfield code="a">Chelladurai</marc:subfield>
   </marc:datafield>
   <marc:datafield ind1=" " ind2=" " tag="653">
      <marc:subfield code="a">Strengthening</marc:subfield>
   </marc:datafield>
   <marc:datafield ind1=" " ind2=" " tag="653">
      <marc:subfield code="a">psychological abilities</marc:subfield>
   </marc:datafield>
   <marc:datafield ind1=" " ind2=" " tag="653">
      <marc:subfield code="a">Extrinsic Motivation</marc:subfield>
   </marc:datafield>
   <marc:datafield ind1=" " ind2=" " tag="653">
      <marc:subfield code="a">achievement</marc:subfield>
   </marc:datafield>
   <marc:datafield ind1=" " ind2=" " tag="653">
      <marc:subfield code="a">Eight Flavors of Sport</marc:subfield>
   </marc:datafield>
   <marc:datafield ind1=" " ind2=" " tag="653">
      <marc:subfield code="a">Aim and purpose</marc:subfield>
   </marc:datafield>
   <marc:datafield ind1="0" ind2="0" tag="245">
      <marc:subfield code="a">Sport Psychology</marc:subfield>
   </marc:datafield>
   <marc:datafield ind1="0" ind2="0" tag="245">
      <marc:subfield code="b">Mental training, motivation and teamwork relating to children and schools</marc:subfield>
   </marc:datafield>
   <marc:datafield ind1="0" ind2="0" tag="245">
      <marc:subfield code="c">Stèphanie Mair. BEd MA Prof. Andreas Sappl</marc:subfield>
   </marc:datafield>
   <marc:datafield ind1=" " ind2="1" tag="264">
      <marc:subfield code="a">Stams</marc:subfield>
      <marc:subfield code="c">2020</marc:subfield>
   </marc:datafield>
   <marc:datafield ind1="1" ind2=" " tag="490">
      <marc:subfield code="a">Bachelorarbeit I-PDF</marc:subfield>
   </marc:datafield>
   <marc:datafield ind1="1" ind2=" " tag="520">
      <marc:subfield code="a">Abstract&lt;br/&gt;Sport Psychology is a scientific discipline that combines the fields of psychology and&lt;br/&gt;sports science and tries to use scientific methodology to understand and explain the basics&lt;br/&gt;of human behavior and its accompanying phenomena and consequences in the special&lt;br/&gt;context of physical activity and especially sport. In this thesis an introduction will be&lt;br/&gt;given of the field Sport Psychology. Furthermore, mental training and motivation and&lt;br/&gt;how to use it properly as well as team building in schools will be examined. The text&lt;br/&gt;shifts focus to personal factors that affect performance and behavior in sport and physical&lt;br/&gt;education, including children's psychological development through sport participation.&lt;br/&gt;Finally, an example of an exercise campaign for children, which contains a purpose, a&lt;br/&gt;background, a target group and a duration will be presented. In order to answer the&lt;br/&gt;research question “To which extent can various factors of Sport Psychology and mental&lt;br/&gt;training be properly used in classes and schools and what benefits will be arising&lt;br/&gt;thereby?”, the points mentioned above are listed and described. Just like a trainer does&lt;br/&gt;with a sports team, a teacher can work on the factors of motivation, mental training and&lt;br/&gt;team building with a class. The strategies and attitudes make it possible to create a&lt;br/&gt;physically and mentally healthy environment. The job task of a teacher is to motivate and&lt;br/&gt;strengthen the children so that they can maximize their performance potential without&lt;br/&gt;being overwhelmed.</marc:subfield>
   </marc:datafield>
   <marc:datafield ind1=" " ind2=" " tag="041">
      <marc:subfield code="a">ger</marc:subfield>
   </marc:datafield>
   <marc:datafield ind1=" " ind2=" " tag="300">
      <marc:subfield code="b">PDF</marc:subfield>
   </marc:datafield>
   <marc:datafield ind1=" " ind2=" " tag="542">
      <marc:subfield code="d">Prof. Andreas Sappl, BEd MA</marc:subfield>
   </marc:datafield>
   <marc:datafield ind1="1" ind2=" " tag="521">
      <marc:subfield code="a">0</marc:subfield>
   </marc:datafield>
   <marc:datafield ind1=" " ind2=" " tag="300">
      <marc:subfield code="a">33-PDF</marc:subfield>
   </marc:datafield>
</marc:record>
